000 00372nam a22001337a 4500
008 220727b |||||||| |||| 00| 0 eng d
020 _a9789993617341
082 _a730 SHA
100 _aShaw, Felicity
245 _aWriting and print culture of Bhutan
260 _aThimphu :
_bNational Library and Archives of Bhutan,
_c2021.
300 _ap, 257 p.
_c24 cm.
942 _2ddc
999 _c9047
_d9048